Conflict Management at Workplace bakalárska práca

Gespeichert in:
Bibliographische Detailangaben
1. Verfasser: Šišoláková, Tatiana
Körperschaft: Fakulta aplikovaných jazykov EU v Bratislave. Katedra jazykovedy a translatológie
Weitere Verfasser: Lorková, Zuzana
Format: Buch
Sprache:Englisch
Veröffentlicht: Bratislava 2015
Tags: Tag hinzufügen
Keine Tags, Fügen Sie das erste Tag hinzu!

MARC

LEADER 00000nbm a2200000 4500
001 0202029
005 20161212094220.2
041 0 |a eng 
044 |a SK 
245 1 0 |a Conflict Management at Workplace  |b bakalárska práca  |c Tatiana Šišoláková ; školiteľ: Zuzana Lorková 
264 1 |a Bratislava  |c 2015 
300 |a 52 s. 
100 1 |a Šišoláková, Tatiana 
700 1 |a Lorková, Zuzana 
710 2 |a Fakulta aplikovaných jazykov EU v Bratislave. Katedra jazykovedy a translatológie